{"text_format":"3","workbook":"xlsx","n_sheets":1,"sheets":["t503"],"read":"whole","date_system":"1900"}

{"sheet":"t503","index":0,"n_rows":163,"n_cols":7,"rows_kept":163,"merged":[[0,0,0,6],[30,0,30,5],[43,0,43,5],[139,0,139,5]]}
["TABELA 503.1 - Estatísticas Agrícolas, Município de Salto Grande, Estado de São Paulo, 2007/08."]
["ITEM","UNIDADE","N.DE UPAs","MÍNIMO","MÉDIO","MÁXIMO","TOTAL"]
["Distância à sede do município","km",309,0.1,{"v":7.86,"d":"7.9"},{"v":16,"d":"16.0"},"-"]
["Área total","hectare",309,1.8,{"v":45.17,"d":"45.2"},{"v":2321.8,"d":"2,321.8"},{"v":13958.9,"d":"13,958.9"}]
["Área com cultura perene","hectare",3,{"v":1,"d":"1.0"},{"v":1.53,"d":"1.5"},2.4,4.6]
["Área com cultura temporária","hectare",277,1.5,{"v":38.14,"d":"38.1"},{"v":1500,"d":"1,500.0"},{"v":10564.2,"d":"10,564.2"}]
["Área com pastagem","hectare",112,0.1,{"v":21,"d":"21.0"},681.8,{"v":2352.4,"d":"2,352.4"}]
["Área com reflorestamento","hectare",12,0.1,{"v":0.69,"d":"0.7"},2.4,8.3]
["Área com vegetação natural","hectare",95,0.1,{"v":4.56,"d":"4.6"},{"v":100,"d":"100.0"},433.6]
["Área com vegetação de brejo e várzea","hectare",243,0.1,{"v":1.76,"d":"1.8"},{"v":30,"d":"30.0"},427.6]
["Área em descanso","hectare",2,0.6,{"v":6,"d":"6.0"},11.4,{"v":12,"d":"12.0"}]
["Área complementar","hectare",271,0.1,{"v":0.58,"d":"0.6"},11.3,156.2]
["Área das UPAs com (0, 1] ha","hectare","-","-","-","-","-"]
["Área das UPAs com (1, 2] ha","hectare",1,1.8,1.8,1.8,1.8]
["Área das UPAs com (2, 5] ha","hectare",26,2.4,{"v":3.72,"d":"3.7"},4.8,96.7]
["Área das UPAs com (5, 10] ha","hectare",66,{"v":6,"d":"6.0"},7.9,9.6,521.2]
["Área das UPAs com (10, 20] ha","hectare",81,10.2,14.7,19.4,{"v":1191.1,"d":"1,191.1"}]
["Área das UPAs com (20, 50] ha","hectare",92,20.5,{"v":29.94,"d":"29.9"},48.6,{"v":2754.8,"d":"2,754.8"}]
["Área das UPAs com (50, 100] ha","hectare",21,50.8,{"v":64.08,"d":"64.1"},{"v":100,"d":"100.0"},{"v":1345.7,"d":"1,345.7"}]
["Área das UPAs com (100, 200] ha","hectare",11,105.8,{"v":139.01,"d":"139.0"},{"v":195,"d":"195.0"},{"v":1529.1,"d":"1,529.1"}]
["Área das UPAs com (200, 500] ha","hectare",8,{"v":250,"d":"250.0"},{"v":344.69,"d":"344.7"},466.9,{"v":2757.5,"d":"2,757.5"}]
["Área das UPAs com (500, 1.000] ha","hectare",2,546.9,719.6,892.3,{"v":1439.2,"d":"1,439.2"}]
["Área das UPAs com (1.000, 2.000] ha","hectare","-","-","-","-","-"]
["Área das UPAs com (2.000, 5.000] ha","hectare",1,{"v":2321.8,"d":"2,321.8"},{"v":2321.8,"d":"2,321.8"},{"v":2321.8,"d":"2,321.8"},{"v":2321.8,"d":"2,321.8"}]
["Área das UPAs com (5.000, 10.000] ha","hectare","-","-","-","-","-"]
["Área das UPAs acima de 10.000 ha","hectare","-","-","-","-","-"]
["Familiares do proprietário que trabalham na UPA","unidade",284,{"v":1,"d":"1.0"},{"v":1.99,"d":"2.0"},{"v":10,"d":"10.0"},{"v":564,"d":"564.0"}]
["Trabalhadores permanentes","unidade",50,{"v":1,"d":"1.0"},{"v":1.88,"d":"1.9"},{"v":12,"d":"12.0"},{"v":94,"d":"94.0"}]
["Fonte: Secretaria de Agricultura e Abastecimento, CDRS/IEA, Projeto LUPA."]
[]
["TABELA 503.2 - Explorações Animais, Município de Salto Grande, Estado de São Paulo, 2007/08."]
["ITEM","UNIDADE","N.DE UPAs","MÍNIMO","MÉDIO","MÁXIMO","TOTAL"]
["Avicultura para Ovos","cabeças",3,{"v":1000,"d":"1,000.0"},{"v":19333.33,"d":"19,333.3"},{"v":40000,"d":"40,000.0"},{"v":58000,"d":"58,000.0"}]
["Bovinocultura de Corte","cabeças",7,{"v":19,"d":"19.0"},{"v":654.14,"d":"654.1"},{"v":1800,"d":"1,800.0"},{"v":4579,"d":"4,579.0"}]
["Bovinocultura Leiteira","cabeças",3,{"v":15,"d":"15.0"},{"v":28.33,"d":"28.3"},{"v":40,"d":"40.0"},{"v":85,"d":"85.0"}]
["Bovinocultura Mista","cabeças",84,{"v":2,"d":"2.0"},{"v":16.38,"d":"16.4"},{"v":90,"d":"90.0"},{"v":1376,"d":"1,376.0"}]
["Caprinocultura","cabeças",1,{"v":20,"d":"20.0"},{"v":20,"d":"20.0"},{"v":20,"d":"20.0"},{"v":20,"d":"20.0"}]
["Equinocultura","cabeças",95,{"v":1,"d":"1.0"},{"v":3.96,"d":"4.0"},{"v":50,"d":"50.0"},{"v":376,"d":"376.0"}]
["Helicicultura","viveiros",1,{"v":2,"d":"2.0"},{"v":2,"d":"2.0"},{"v":2,"d":"2.0"},{"v":2,"d":"2.0"}]
["Piscicultura","m² tanques",1,{"v":2,"d":"2.0"},{"v":2,"d":"2.0"},{"v":2,"d":"2.0"},{"v":2,"d":"2.0"}]
["Suinocultura","cabeças",13,{"v":30,"d":"30.0"},{"v":902.31,"d":"902.3"},{"v":3000,"d":"3,000.0"},{"v":11730,"d":"11,730.0"}]
["Fonte: Secretaria de Agricultura e Abastecimento, CDRS/IEA, Projeto LUPA."]
[]
["TABELA 503.3 -  Máquinas, Implementos e Benfeitorias, Município de Salto Grande, Estado de São Paulo, 2007/08."]
["ITEM","UNIDADE","N.DE UPAs","MÍNIMO","MÉDIO","MÁXIMO","TOTAL"]
["Arado Comum (Bacia, Aiveca)","Unidade",31,{"v":1,"d":"1.0"},{"v":1.13,"d":"1.1"},{"v":4,"d":"4.0"},{"v":35,"d":"35.0"}]
["Arado Escarificador","Unidade",51,{"v":1,"d":"1.0"},1.2,{"v":3,"d":"3.0"},{"v":61,"d":"61.0"}]
["Arado Subsolador","Unidade",33,{"v":1,"d":"1.0"},{"v":1.06,"d":"1.1"},{"v":2,"d":"2.0"},{"v":35,"d":"35.0"}]
["Colhedeira Acoplada","Unidade",3,{"v":1,"d":"1.0"},{"v":1,"d":"1.0"},{"v":1,"d":"1.0"},{"v":3,"d":"3.0"}]
["Colhedeira Automotriz","Unidade",15,{"v":1,"d":"1.0"},1.4,{"v":3,"d":"3.0"},{"v":21,"d":"21.0"}]
["Computador","Unidade",1,{"v":1,"d":"1.0"},{"v":1,"d":"1.0"},{"v":1,"d":"1.0"},{"v":1,"d":"1.0"}]
["Conj.Irrigação Autopropelido","Unidade",2,{"v":1,"d":"1.0"},1.5,{"v":2,"d":"2.0"},{"v":3,"d":"3.0"}]
["Conj.Irrigação Convencional","Unidade",5,{"v":1,"d":"1.0"},{"v":1,"d":"1.0"},{"v":1,"d":"1.0"},{"v":5,"d":"5.0"}]
["Conj.Irrigação/Gotejamento/Microaspersão","Unidade",1,{"v":1,"d":"1.0"},{"v":1,"d":"1.0"},{"v":1,"d":"1.0"},{"v":1,"d":"1.0"}]
["Conjunto de Fenação","Unidade",1,{"v":1,"d":"1.0"},{"v":1,"d":"1.0"},{"v":1,"d":"1.0"},{"v":1,"d":"1.0"}]
["Desintegrador, Picador, Triturador","Unidade",32,{"v":1,"d":"1.0"},{"v":1.03,"d":"1.0"},{"v":2,"d":"2.0"},{"v":33,"d":"33.0"}]
["Distribuidor de Calcário","Unidade",5,{"v":1,"d":"1.0"},{"v":1,"d":"1.0"},{"v":1,"d":"1.0"},{"v":5,"d":"5.0"}]
["Ensiladeira","Unidade",2,{"v":1,"d":"1.0"},1.5,{"v":2,"d":"2.0"},{"v":3,"d":"3.0"}]
["Grade Aradora (Tipo Romi)","Unidade",7,{"v":1,"d":"1.0"},{"v":1.86,"d":"1.9"},{"v":5,"d":"5.0"},{"v":13,"d":"13.0"}]
["Grade Niveladora","Unidade",9,{"v":1,"d":"1.0"},{"v":1.56,"d":"1.6"},{"v":3,"d":"3.0"},{"v":14,"d":"14.0"}]
["Implementos para Tração Animal","Unidade",1,{"v":2,"d":"2.0"},{"v":2,"d":"2.0"},{"v":2,"d":"2.0"},{"v":2,"d":"2.0"}]
["Microtrator","Unidade",3,{"v":1,"d":"1.0"},{"v":1,"d":"1.0"},{"v":1,"d":"1.0"},{"v":3,"d":"3.0"}]
["Misturador de Ração","Unidade",9,{"v":1,"d":"1.0"},{"v":1,"d":"1.0"},{"v":1,"d":"1.0"},{"v":9,"d":"9.0"}]
["Pulverizador Tratorizado","Unidade",49,{"v":1,"d":"1.0"},{"v":1.37,"d":"1.4"},{"v":3,"d":"3.0"},{"v":67,"d":"67.0"}]
["Semeadeira/Adubadeira para Plantio Convencional","Unidade",4,{"v":1,"d":"1.0"},{"v":1.25,"d":"1.3"},{"v":2,"d":"2.0"},{"v":5,"d":"5.0"}]
["Semeadeira/Plantadeira Plantio Direto","Unidade",27,{"v":1,"d":"1.0"},{"v":1.44,"d":"1.4"},{"v":5,"d":"5.0"},{"v":39,"d":"39.0"}]
["Terraceador","Unidade",2,{"v":1,"d":"1.0"},{"v":1,"d":"1.0"},{"v":1,"d":"1.0"},{"v":2,"d":"2.0"}]
["Trator de Pneus","Unidade",79,{"v":1,"d":"1.0"},{"v":1.61,"d":"1.6"},{"v":8,"d":"8.0"},{"v":127,"d":"127.0"}]
["Açude/Represa","Unidade",14,{"v":1,"d":"1.0"},{"v":1.36,"d":"1.4"},{"v":4,"d":"4.0"},{"v":19,"d":"19.0"}]
["Almoxarifado/Oficina","Unidade",2,{"v":1,"d":"1.0"},{"v":1,"d":"1.0"},{"v":1,"d":"1.0"},{"v":2,"d":"2.0"}]
["Armazém para Grãos Ensacados","Sacas",10,{"v":1,"d":"1.0"},{"v":2001,"d":"2,001.0"},{"v":20000,"d":"20,000.0"},{"v":20010,"d":"20,010.0"}]
["Balança para Bovinos","Unidade",2,{"v":1,"d":"1.0"},{"v":1,"d":"1.0"},{"v":1,"d":"1.0"},{"v":2,"d":"2.0"}]
["Balança para Veículos","Unidade",3,{"v":1,"d":"1.0"},{"v":1.33,"d":"1.3"},{"v":2,"d":"2.0"},{"v":4,"d":"4.0"}]
["Barracão para Granja/Avicultura","Unidade",4,{"v":1,"d":"1.0"},{"v":7.75,"d":"7.8"},{"v":16,"d":"16.0"},{"v":31,"d":"31.0"}]
["Barracão/Galpão/Garagem","Unidade",63,{"v":1,"d":"1.0"},{"v":1.11,"d":"1.1"},{"v":3,"d":"3.0"},{"v":70,"d":"70.0"}]
["Casa de Moradia Habitada","Unidade",126,{"v":1,"d":"1.0"},1.5,{"v":9,"d":"9.0"},{"v":189,"d":"189.0"}]
["Casa de Moradia Total","Unidade",105,{"v":1,"d":"1.0"},{"v":2.19,"d":"2.2"},{"v":34,"d":"34.0"},{"v":230,"d":"230.0"}]
["Curral/Mangueira","Unidade",30,{"v":1,"d":"1.0"},1.1,{"v":4,"d":"4.0"},{"v":33,"d":"33.0"}]
["Depósito/Tulha","Unidade",49,{"v":1,"d":"1.0"},{"v":1.37,"d":"1.4"},{"v":4,"d":"4.0"},{"v":67,"d":"67.0"}]
["Estábulo","Unidade",14,{"v":1,"d":"1.0"},{"v":1,"d":"1.0"},{"v":1,"d":"1.0"},{"v":14,"d":"14.0"}]
["Fábrica de Farinha","Unidade",2,{"v":1,"d":"1.0"},{"v":1,"d":"1.0"},{"v":1,"d":"1.0"},{"v":2,"d":"2.0"}]
["Instalações para Equinos","Unidade",2,{"v":1,"d":"1.0"},1.5,{"v":2,"d":"2.0"},{"v":3,"d":"3.0"}]
["Máquina de Benefício","Unidade",1,{"v":1,"d":"1.0"},{"v":1,"d":"1.0"},{"v":1,"d":"1.0"},{"v":1,"d":"1.0"}]
["Pocilga","Unidade",22,{"v":1,"d":"1.0"},{"v":2.09,"d":"2.1"},{"v":10,"d":"10.0"},{"v":46,"d":"46.0"}]
["Poço Semi-Artesiano","Unidade",8,{"v":1,"d":"1.0"},{"v":1,"d":"1.0"},{"v":1,"d":"1.0"},{"v":8,"d":"8.0"}]
["Secador de Grãos","Unidade",1,{"v":1,"d":"1.0"},{"v":1,"d":"1.0"},{"v":1,"d":"1.0"},{"v":1,"d":"1.0"}]
["Silo para Grãos","t",6,{"v":1,"d":"1.0"},1.5,{"v":2,"d":"2.0"},{"v":9,"d":"9.0"}]
["Terreiro","m²",7,{"v":1,"d":"1.0"},{"v":142,"d":"142.0"},{"v":800,"d":"800.0"},{"v":994,"d":"994.0"}]
["Fonte: Secretaria de Agricultura e Abastecimento, CDRS/IEA, Projeto LUPA."]
[]
["TABELA 503.4 - Outras Estatísticas Agrícolas, Município de Salto Grande, Estado de São Paulo, 2007/08."]
["ITEM","Número de UPAs",null,"Percentual"]
["Faz Parte de Associação de Produtores",8,null,{"v":2.588996763754045,"d":"2.6"}]
["Faz Parte de Cooperativa de Produtores",40,null,{"v":12.944983818770226,"d":"12.9"}]
["Faz Parte do Sindicato de Produtores",12,null,{"v":3.8834951456310685,"d":"3.9"}]
["Não utiliza assistência técnica ",27,null,{"v":8.737864077669903,"d":"8.7"}]
["Utiliza somente assistência técnica governamental ",25,null,{"v":8.090614886731391,"d":"8.1"}]
["Utiliza somente assistência técnica privada ",6,null,{"v":1.941747572815534,"d":"1.9"}]
["Utiliza assistência técnica tanto governamental quanto privada",251,null,{"v":81.22977346278317,"d":"81.2"}]
["Utiliza Crédito Rural",37,null,{"v":11.97411003236246,"d":"12.0"}]
["Utiliza Seguro Rural","-",null,"-"]
["Utiliza Escrituração Agrícola",14,null,{"v":4.530744336569579,"d":"4.5"}]
["Acessa Internet p/ Fins na Agropecuária",1,null,{"v":0.3236245954692557,"d":"0.3"}]
["Utiliza Computador nas Atividades Agropecuárias",2,null,{"v":0.6472491909385113,"d":"0.6"}]
["Utiliza Energia Elétrica Para Uso na Atividade Agrícola",164,null,{"v":53.07443365695793,"d":"53.1"}]
["Realiza Análise de Solo, quando necessário",162,null,{"v":52.42718446601942,"d":"52.4"}]
["Utiliza Práticas de Conservação de Solo, quando necessário",295,null,{"v":95.46925566343042,"d":"95.5"}]
["Faz Adubação Mineral, quando necessário",249,null,{"v":80.58252427184466,"d":"80.6"}]
["Faz Adubação Orgânica, quando necessário",154,null,{"v":49.83818770226537,"d":"49.8"}]
["Faz Adubação Verde, quando necessário",3,null,{"v":0.9708737864077671,"d":"1.0"}]
["Utiliza Manejo Integrado de Pragas (MIP)",62,null,{"v":20.06472491909385,"d":"20.1"}]
["Utiliza Hidroponia","-",null,"-"]
["Utiliza Plasticultura",1,null,{"v":0.3236245954692557,"d":"0.3"}]
["Utiliza Mudas Fiscalizadas",15,null,{"v":4.854368932038835,"d":"4.9"}]
["Utiliza Semente Melhorada",251,null,{"v":81.22977346278317,"d":"81.2"}]
["Faz Confinamento de Bovinos",2,null,{"v":0.6472491909385113,"d":"0.6"}]
["Utiliza Pastejo Intensivo",71,null,{"v":22.97734627831715,"d":"23.0"}]
["Faz Inseminação Artificial",1,null,{"v":0.3236245954692557,"d":"0.3"}]
["Faz Mineralização do Rebanho",81,null,{"v":26.21359223300971,"d":"26.2"}]
["Faz Vermifugação do Rebanho",82,null,{"v":26.537216828478964,"d":"26.5"}]
["Possui Parceiros /Arrendatários na Exploração Animal",52,null,{"v":16.828478964401295,"d":"16.8"}]
["Esporte e lazer","-",null,"-"]
["Extração mineral",1,null,{"v":0.3236245954692557,"d":"0.3"}]
["Hotel Fazenda, Pousada ou SPA","-",null,"-"]
["Pesque-pague","-",null,"-"]
["Restaurante ou Lanchonete","-",null,"-"]
["Transformação artesanal","-",null,"-"]
["Turismo rural ou ecoturismo","-",null,"-"]
["Outras atividades econômicas rurais","-",null,"-"]
["Agroindústria","-",null,"-"]
["Proprietário sem instrução ou com instrução incompleta",8,null,{"v":2.588996763754045,"d":"2.6"}]
["Proprietário com antigo primário completo",209,null,{"v":67.63754045307444,"d":"67.6"}]
["Proprietário com 1° grau (ou antigo ginasial) completo",30,null,{"v":9.708737864077671,"d":"9.7"}]
["Proprietário com 2° grau (ou antigo colegial) completo",37,null,{"v":11.97411003236246,"d":"12.0"}]
["Proprietário com curso superior completo ",25,null,{"v":8.090614886731393,"d":"8.1"}]
["Pessoa Jurídica","-",null,"-"]
["Proprietário residente na própria UPA ",82,null,{"v":26.537216828478964,"d":"26.5"}]
["Fonte: Secretaria de Agricultura e Abastecimento, CDRS/IEA, Projeto LUPA."]
[]
["TABELA 503.5 - Área Cultivada, Município de Salto Grande, Estado de São Paulo, 2007/08."]
["CULTURA","N.DE UPAs","MÍNIMO","MÉDIO","MÁXIMO","TOTAL"]
["Milho Safrinha",139,2.4,35.6,504.9,{"v":4948.6,"d":"4,948.6"}]
["Soja",114,2.4,{"v":33.23,"d":"33.2"},{"v":200,"d":"200.0"},{"v":3787.9,"d":"3,787.9"}]
["Cana-de-acucar",18,19.8,200.5,{"v":1500,"d":"1,500.0"},{"v":3609,"d":"3,609.0"}]
["Milho",113,0.9,22.3,304.9,{"v":2519.9,"d":"2,519.9"}]
["Braquiaria",105,0.1,{"v":21.16,"d":"21.2"},681.8,{"v":2221.4,"d":"2,221.4"}]
["Mandioca",74,{"v":1,"d":"1.0"},{"v":8.32,"d":"8.3"},18.8,615.5]
["Gramas",6,0.6,{"v":18.62,"d":"18.6"},{"v":44,"d":"44.0"},111.7]
["Feijao",1,85.1,85.1,85.1,85.1]
["Milho-silagem",1,{"v":50,"d":"50.0"},{"v":50,"d":"50.0"},{"v":50,"d":"50.0"},{"v":50,"d":"50.0"}]
["Aveia",1,36.3,36.3,36.3,36.3]
["Outras gramineas para pastagem",2,4.8,{"v":9.65,"d":"9.7"},14.5,19.3]
["Trigo",1,13.3,13.3,13.3,13.3]
["Eucalipto",12,0.1,{"v":0.69,"d":"0.7"},2.4,8.3]
["Cafe",3,{"v":1,"d":"1.0"},{"v":1.53,"d":"1.5"},2.4,4.6]
["Batata-doce",3,0.2,{"v":0.23,"d":"0.2"},0.3,0.7]
["Cenoura",3,0.1,{"v":0.13,"d":"0.1"},0.2,0.4]
["Couve-flor",3,0.1,0.1,0.1,0.3]
["Beterraba",3,0.1,0.1,0.1,0.3]
["Berinjela",2,0.1,0.1,0.1,0.2]
["Alface",2,0.1,0.1,0.1,0.2]
["Brocolos (ou brocolis)",1,0.1,0.1,0.1,0.1]
["Fonte: Secretaria de Agricultura e Abastecimento, CDRS/IEA, Projeto LUPA."]